Statistics for How Smart are You? - Easiest General Knowledge

Click here to take the quiz!

General Stats

  • This quiz has been taken 283 times
  • The average score is 14 of 20

Answer Stats

HintAnswer% Correct
Largest countryRussia
97%
Most populous countryChina
96%
Largest ocean by surface areaPacific
95%
Largest continentAsia
93%
Capital of United KingdomLondon
93%
Any number when multiplied zero givesZero
90%
Largest planetJupiter
88%
Process by which plant make their foodPhotosynthesis
84%
Earth, Venus, Jupiter arePlanets
75%
Largest land animalElephant
69%
Primary source of energy on EarthSun
65%
Lightest elementHydrogen
62%
Natural satellite of EarthMoon
62%
Country with a "north" in its nameNorth Korea
61%
Southernmost continentAntarctica
59%
Largest islandGreenland
42%
Most abundant element in the UniverseHydrogen
39%
Ganga is most sacred river for this religionHinduism
35%
"Anything that has mass and occupies space"Matter
33%
Largest city in ChinaGuangzhou
16%

Score Distribution

Percentile by Number Answered

Percent of People with Each Score

Your Score History

You have not taken this quiz